000 00642nam a2200181Ia 4500
008 090630s9999 xx 000 0 und d
082 _b10772
100 _aगोवंडे श्रीकांत.
245 _aचार विद्वान.
_cगोवंडे श्रीकांत.
260 _bअनमोल पुणे.
_c1980
300 _a80
600 _aगोवंडे श्रीकांत.
630 _aचार विद्वान.
655 _aबालवाङमय.
700 _aगोवंडे श्रीकांत.
730 _aचार विद्वान.
942 _cBOOK
999 _c262628
_d262628